000 00349nam a2200145Ia 4500
008 191201s2012 xx 000 0 und d
020 _a9780198078883
100 _aTHAREJA, Reema
245 0 _aComputer Fundamentals and Programming in C
250 _a1st
260 _c2012
_bOxford
_aN. delhi
300 _a547
650 _aCSE
942 _2ddc
_cBB
999 _c7542
_d7542